Statystyki dla 5 największych miast #3

Kliknij tutaj aby rozwiązać quiz!

Ogólne statystyki

  • Ten quiz został rozwiązany 184 razy
  • Średni wynik to 13 z 50

Statystyki odpowiedzi

HintOdpowiedź% Poprawnych
NiemcyBerlin
96%
NiemcyMonachium
92%
BelgiaBruksela
90%
WegryBudapeszt
90%
NiemcyHamburg
85%
PeruLima
76%
AlgieriaAlgier
74%
ChieSantiago
73%
NiemcyKolonia
68%
BelgiaAntwerpia
57%
FijiBa
56%
NiemcyFrankfurt nad Menem
56%
JamajkaKingston
56%
IrakBagdad
54%
WegryDebreczyn
28%
BelgiaLiège
27%
ErytreaAsmara
25%
BelgiaGandawa
24%
FijiSuva
24%
WegrySegedyn
19%
AlgieriaOran
18%
WegryMiszkolc
15%
IrakMosul
15%
WegryPecz
15%
BelgiaCharleroi
9%
IrakBasra
8%
ChileValparaiso
6%
IrakIrbil
5%
PeruArequipa
3%
JamajkaMontego Bay
3%
AlgieriaAnnaba
2%
AlgieriaConstantine
2%
PeruTrujillo
2%
ErytreaKeren
1%
FijiLautoka
1%
FijiNadi
1%
ChileViña del Mar
1%
IrakAbu Ghraib
0%
ErytreaAgordat
0%
AlgieriaBlida
0%
PeruChiclayo
0%
FijiLabasa
0%
JamajkaMandeville
0%
ErytreaMendefera
0%
PeruPiura
0%
JamajkaPortmore
0%
ChilePuente Alto
0%
JamajkaSpanish Town
0%
ChileTalcahuano
0%
ErytreaTeseney
0%

Rozkład punktacji

Percentyl według liczby udzielonych odpowiedzi

Procent ludzi z każdym wynikiem

Twoja historia wyników

Nie rozwiązałeś tego quizu